01651nam a22002537a 45000010005000000030006000050050017000110080041000280200018000690400029000870500019001160820011001351000027001462450035001732500035002082600032002433000025002754900033003005200850003336500036011839420015012199990015012349520148012499694FISKH20260129155941.0260129b cb ||||| |||| 00| 0 eng d a9781786542267 aFISKHbengcFISKHdFISKH aPZ7 .B26225 .A a813.6  aBarnes, Jennifer Lynn  aAll in /cJennifer Lynn Barnes aThis edition published in 2023 aLondon : bQuercus, c2015  a376 pages : c20 cm  aThe Naturals : vBook Three  aAfter a string of brutal murders in Las Vegas, Cassie Hobbes and the Naturals are called in to investigate. But even with the team's unique profiling talents, these murders seem baffling: unlike many serial killers, this one uses different methods every time. All of the victims were killed in public, yet the killer does not show up on any security feed. And each victim has a string of numbers tattooed on their wrist. Hidden in the numbers is a code-and the closer the Naturals come to unraveling the mystery, the more perilous the case becomes. Meanwhile, Cassie is dealing with an equally dangerous and much more painful mystery. For the first time in years, there's been a break in her mother's case. As personal issues and tensions between the team mount, Cassie and the Naturals will be faced with impossible odds-and impossible choices. aYoung adultvMysteryxProfiling 2ddccBKn0 c9694d9694 00102ddc40708FICa001b001cATKSFd2026-01-29l1oBAR 813.6 PZ7 .B26225 .A p2026-0206r2026-03-10 12:24:03s2026-02-27t1w2026-01-29yBK